Detalles MARC
| 000 -LÍDER |
| Campo fijo de descripción fija |
02022cam a2200385 i 4500 |
| 001 - NÚMERO DE CONTROL |
| Campo de control |
768714001 |
| 003 - IDENTIFICADOR DEL NÚMERO DE CONTROL |
| Campo de control |
CO-MdFUSB |
| 005 - FECHA Y HORA DE LA ULTIMA TRANSACCIÓN |
| control field |
20220325155854.0 |
| 007 - CAMPO FIJO DE DESCRIPCIÓN FIJA--INFORMACIÓN GENERAL |
| Campo fijo de descripción fija |
ta |
| 008 - ELEMENTOS DE LONGITUD FIJA -- INFORMACIÓN GENERAL |
| Campo fijo de descripción fija -- Información general |
910506t1992 enk b 000 0 eng |
| 020 ## - NÚMERO INTERNACIONAL NORMALIZADO PARA LIBROS |
| Número Internacional Normalizado del libro |
0521425549 |
| 040 ## - FUENTE DE CATALOGACIÓN |
| Agencia de catalogación original |
DLC |
| Idioma de catalogación |
eng |
| Agencia que realiza la transcripción |
CO-MdFUSB |
| Agencia que realiza la modificación |
WEA |
| -- |
UKM |
| -- |
OrLoB-B |
| Convenciones de la descripción |
rda |
| 041 ## - CÓDIGO DE IDIOMA |
| Código de idioma para texto/pista de sonido o título separado |
eng |
| 082 ## - NÚMERO DE CLASIFICACIÓN DECIMAL DEWEY |
| Número de la edición del Dewey |
23 |
| Número de clasificación |
801.95 |
| Clave de autor-Numero de item |
EC19 |
| 100 1# - ASIENTO PRINCIPAL--NOMBRE PERSONAL |
| Nombre personal |
Eco, Umberto. |
| Término relacionador |
autor |
| 245 10 - TÍTULO |
| Título del Material |
Interpretation and overinterpretation / |
| Mención de responsabilidad, etc. |
Umberto Eco , Richard Rorty, Jonathan Culler, Christine Brooke-Rose ; editado por Stefan Collini. |
| 264 #1 - PRODUCCIÓN, PUBLICACIÓN, DISTRIBUCIÓN, MANUFACTURA, Y COPYRIGHT |
| Lugar de producción, publicación, distribución, manufactura |
Cambridge ; |
| -- |
New York : |
| Nombre del productor, publicador, distribuidor |
Cambridge University Press, |
| Fecha de producción, publicación, distribución, manufactura, o copyright |
[1992] |
| 264 #4 - PRODUCCIÓN, PUBLICACIÓN, DISTRIBUCIÓN, MANUFACTURA, Y COPYRIGHT |
| Fecha de producción, publicación, distribución, manufactura, o copyright |
© 1992 |
| 300 ## - DESCRIPCIÓN FÍSICA |
| Extensión |
151 páginas ; |
| Dimensiones |
23 cm. |
| 336 ## - TIPO DE CONTENIDO |
| Término de tipo de contenido |
texto |
| Código de tipo de contenido |
txt |
| Fuente |
rdacontent. |
| 337 ## - TIPO DE MEDIO |
| Nombre del tipo de medio |
sin mediación |
| Código del tipo de medio |
n |
| Fuente |
rdamedia. |
| 338 ## - TIPO DE SOPORTE |
| Nombre del tipo de soporte |
volumen |
| Código Tipo de soporte |
nc |
| Fuente |
rdacarrier. |
| 504 ## - NOTA DE BIBLIOGRAFÍA, ETC. |
| Nota de bibliografía, etc |
Incluye referencias bibliográficas. |
| 505 ## - NOTA DE CONTENIDO |
| Nota de contenido con formato preestablecido |
Introducción: interpretación terminable e interminable / Stefan Collini - Interpretación e historia; Sobreinterpretación de textos; Entre autor y texto / Umberto Eco -- El progreso del pragmatista / Richard Rorty -- En defensa de la sobreinterpretación / Jonathan Culler -- Historia del palimpsesto / Christine Brooke-Rose -- Reply / Umberto Eco. |
| 520 1# - NOTA DE RESUMEN, ETC. |
| Nota de sumario, etc. |
Umberto Eco, novelista de éxito internacional y destacado teórico literario, reúne aquí estos dos papeles en un debate provocador sobre la controvertida cuestión de la interpretación literaria. Los límites de la interpretación -lo que realmente se puede decir que significa un texto- son de doble interés para un semiótico cuya intrigante complejidad de sus propias novelas ha provocado en sus lectores una intensa especulación sobre su significado. |
| 563 ## - NOTA DE ENCUADERNACIÓN |
| Nota de encuadernación |
Rústico |
| 650 #7 - ASIENTO SECUNDARIO DE MATERIA - TERMINO TEMÁTICO |
| Término temático o nombre geográfico como elemento de entrada |
Criticismo |
| 9 (RLIN) |
614 |
| 700 ## - ASIENTO SECUNDARIO - NOMBRE PERSONAL |
| Nombre personal |
Rorty, Richard, |
| 9 (RLIN) |
6354 |
| Responsabilidad |
autor |
| 700 ## - ASIENTO SECUNDARIO - NOMBRE PERSONAL |
| Nombre personal |
Culler, Jonathan., |
| 9 (RLIN) |
6355 |
| Responsabilidad |
autor |
| 700 ## - ASIENTO SECUNDARIO - NOMBRE PERSONAL |
| Nombre personal |
Brooke-Rose, Christine, |
| 9 (RLIN) |
6356 |
| Responsabilidad |
autor |
| 700 1# - ASIENTO SECUNDARIO - NOMBRE PERSONAL |
| Nombre personal |
Collini, Stefan, |
| Fechas asociadas con el nombre |
1947- |
| Responsabilidad |
editor |
| 942 ## - TIPO DE MATERIAL (KOHA) |
| Tipo de Item KOHA |
Libros General |
| 945 ## - INFORMACIÓN LOCAL DEL REGISTRO |
| Catalogador |
JTF-925 |